00428nam a2200145Ia 4500003000400000005001700004008004100021020002200062041000800084082002200092100003500114245006400149260006000213300000900273OSt20240829142033.0230314s9999 xx 000 0 und d a978-93-92242-02-1 aeng aPY/150/MAH/DB0958 aMaheshwari S K & Kaur Varinder aTextbook of Behavioural Sciences (Psychology and Sociology) bVision Health Sciences PublishersaMohali, Punjabc2021 a215p